000 00552nam a2200205 a 4500
999 _c6080
_d6080
001 6080
003 BD-JhCC
005 20180101182920.0
008 180101s1960 usa |||| |||| 000 0 eng d
035 _a(BD-JhCC)
040 _aBD-JhCC
_dBD-JhCC
041 _aeng
082 _a515.9
_bCHU 1960
100 _aChurchill, Ruel V.
245 _aComplex Variables and Applications /
_cRuel V. Churchill
260 _aUSA :
_bMcGraw-Hill Book Company, Inc;
_c1960
300 _a291 p,;
_c22 cm
650 _aFunctions of complex Variables
942 _2ddc
_cBK